| 000 | 00883nam a2200241 i 4500 | ||
|---|---|---|---|
| 001 | 14128 | ||
| 003 | ES-MaACL | ||
| 005 | 20230906150730.0 | ||
| 007 | t| | ||
| 008 | 981006s1998 sp ||||1| spa d | ||
| 020 | _a84-7795-162-4 | ||
| 080 | _a821.134.2 Blasco Ibáñez, Vicente (064.3) | ||
| 080 | _a929 Blasco Ibáñez, Vicente (064.3) | ||
| 245 | 0 | 0 |
_aBlasco Ibáñez, viajero _b: Centre Cultural La Beneficència, Diputació de València, del 17 de julio de 1998 al 31 de agosto de 1998. |
| 260 |
_aValència : _bCentre Cultural La Beneficència, _c[1998] |
||
| 300 |
_a99 p. : _bil. ; _c28 cm. |
||
| 490 | 1 | _aAño Blasco Ibáñez | |
| 600 | 1 | 4 |
_aBlasco Ibáñez, Vicente, _d1867-1928- _vExposiciones _929391 |
| 710 | 2 |
_aCentre Cultural La Beneficència. _92540 |
|
| 830 | 1 |
_aAño Blasco Ibáñez _9179589 |
|
| 852 |
_aES-MaACL _jL-21464 |
||
| 999 |
_c14128 _d14128 |
||